| 000 | 00791ccm a2200253 a 4500 | ||
|---|---|---|---|
| 003 | MX-MxUPN | ||
| 005 | 20240429095259.0 | ||
| 008 | 240429s1991 mx|sul| r|||| 00| 0 spa d | ||
| 020 | _a968361874X | ||
| 035 | _aUPN01000129366 | ||
| 040 |
_aMX-MxUPN _bspa |
||
| 041 | 0 | _aspa | |
| 050 | 4 |
_aM1003 _bG35 1991 |
|
| 100 | 1 |
_aGalindo, Blas, _d1910-1993 _922958 |
|
| 245 | 0 | _aSuite para orquesta de cámara | |
| 260 |
_aMéxico : _bUniversidad Nacional Autónoma de México, _c1991. |
||
| 300 | _a1 partitura (90 páginas) | ||
| 490 | _aColección de música sinfónica mexicana | ||
| 500 | _aEdición manuscrita: México, D.F. abril de 1985. | ||
| 650 | 4 |
_951762 _aSuites (Orquesta) _vPartituras |
|
| 902 | _bVíctorGodínez/260424 | ||
| 942 |
_2lcc _cLIBRO |
||
| 999 |
_c101538 _d101538 |
||